| 000 | 00928nam a2200301Ia 4500 | ||
|---|---|---|---|
| 001 | Para_7009 | ||
| 003 | CHAP | ||
| 008 | 220125s1916 xx 000 0 und d | ||
| 010 | _a205755 | ||
| 040 | _cCHAP | ||
| 082 | _aPA-C 631.4 B85 | ||
| 100 |
_aGreaves, J. E. _9171859 |
||
| 245 |
_aStimulating influence of arsenic upon the nitrogen-fixing organisms of the soil / _c by J. E. Graeves |
||
| 260 |
_aUtah : _b Utah. Agricultural Experiment Station |
||
| 300 | _a389-416 p. | ||
| 440 |
_aJournal of Agricultural Research : 6(2), 1916 _9171860 |
||
| 500 | _aEnc. con otros impresos similares | ||
| 650 |
_aSuelos _x anĂ¡lisis _9110204 |
||
| 650 |
_aSuelos _x EUA _9171754 |
||
| 650 |
_aSuelos, nitrogeno en _9171861 |
||
| 901 | _aPA-C 631.4 B85 | ||
| 902 | _aA | ||
| 905 | _a0000001916 0000000000 00 | ||
| 910 | _a1916 | ||
| 942 | _cPARA | ||
| 942 |
_cPARA _d1 |
||
| 999 |
_c205755 _d205755 |
||